[Event "37th Reykjavik op"]
[Site "Reykjavik ISL"]
[Date "2024.03.16"]
[Round "3.37"]
[White "Bisby, Daniel"]
[Black "Prraneeth, Vuppala"]
[WhiteElo "2273"]
[BlackElo "2506"]
[Result "1-0"]
[EventDate "2024.03.15"]
[PlyCount "137"]

1. e4 { [%eval 0.13] [%clk 1:30:56] } 1... c5 { [%eval 0.33] [%clk 1:30:55] } 2. Nf3 { [%eval 0.22] [%clk 1:30:06] } 2... d6 { [%eval 0.0] [%clk 1:31:20] } 3. c3 { [%eval 0.0] [%clk 1:29:02] } 3... Nf6 { [%eval 0.0] [%clk 1:31:39] } 4. Be2 { [%eval 0.0] [%clk 1:29:09] } 4... g6 { [%eval 0.0] [%clk 1:31:28] } 5. O-O { [%eval 0.0] [%clk 1:28:30] } 5... Bg7 { [%eval 0.0] [%clk 1:31:18] } 6. d3 { [%eval -0.02] [%clk 1:25:56] } 6... O-O { [%eval 0.0] [%clk 1:31:35] } 7. Nbd2 { [%eval -0.12] [%clk 1:25:59] } 7... Nc6 { [%eval 0.0] [%clk 1:29:49] } 8. Re1 { [%eval -0.42] [%clk 1:23:21] } 8... e5 { [%eval -0.41] [%clk 1:26:39] } 9. a3 { [%eval -0.6] [%clk 1:16:22] } 9... a6 { [%eval -0.2] [%clk 1:20:43] } 10. Bf1 { [%eval -0.44] [%clk 1:11:19] } 10... b5 { [%eval -0.3] [%clk 1:20:03] } 11. b4 { [%eval -0.37] [%clk 1:10:35] } 11... Bb7?! { [%eval 0.35] } { Inaccuracy. Be6 was best. } { [%clk 1:19:26] } (11... Be6 12. Nb3) 12. Nb3 { [%eval -0.04] [%clk 1:04:01] } 12... Nd7 { [%eval 0.23] [%clk 1:13:50] } 13. bxc5 { [%eval -0.03] [%clk 0:53:53] } 13... dxc5 { [%eval 0.4] [%clk 1:13:20] } 14. Bg5 { [%eval -0.04] [%clk 0:50:24] } 14... Qc7 { [%eval 0.0] [%clk 1:11:48] } 15. Qd2 { [%eval -0.23] [%clk 0:48:35] } 15... Qd6 { [%eval 0.19] [%clk 1:09:43] } 16. Bh6 { [%eval 0.12] [%clk 0:44:43] } 16... Rfd8 { [%eval 0.09] [%clk 1:05:54] } 17. Bxg7 { [%eval 0.0] [%clk 0:43:20] } 17... Kxg7 { [%eval 0.05] [%clk 1:06:21] } 18. Qe3 { [%eval 0.0] [%clk 0:40:02] } 18... Rac8 { [%eval 0.0] [%clk 1:02:56] } 19. h4 { [%eval -0.02] [%clk 0:37:11] } 19... Re8?! { [%eval 0.72] } { Inaccuracy. h5 was best. } { [%clk 0:57:35] } (19... h5 20. Red1 Qe7 21. g3 Rc7 22. Rdc1 Rb8 23. a4 Bc8 24. axb5 axb5 25. d4 c4 26. Nbd2) 20. g3 { [%eval 0.63] [%clk 0:35:04] } 20... Nd8 { [%eval 0.96] [%clk 0:52:51] } 21. Bh3 { [%eval 0.99] [%clk 0:32:24] } 21... Ne6 { [%eval 0.82] [%clk 0:52:34] } 22. h5 { [%eval 0.85] [%clk 0:29:35] } 22... Nb6 { [%eval 1.21] [%clk 0:49:25] } 23. Rad1 { [%eval 1.03] [%clk 0:25:47] } 23... Rc7 { [%eval 1.13] [%clk 0:49:10] } 24. Nbd2?! { [%eval 0.23] } { Inaccuracy. Bxe6 was best. } { [%clk 0:17:00] } (24. Bxe6) 24... Na4 { [%eval 0.26] [%clk 0:40:38] } 25. Bxe6 { [%eval 0.12] [%clk 0:12:20] } 25... Qxe6 { [%eval 0.1] [%clk 0:39:22] } 26. Rc1 { [%eval 0.05] [%clk 0:10:25] } 26... Rec8 { [%eval 0.0] [%clk 0:37:07] } 27. Kg2 { [%eval 0.23] [%clk 0:10:25] } 27... Qf6 { [%eval 0.32] [%clk 0:29:27] } 28. Rh1 { [%eval 0.26] [%clk 0:10:12] } 28... Kg8 { [%eval 0.64] [%clk 0:28:58] } 29. hxg6 { [%eval 0.2] [%clk 0:10:09] } 29... fxg6 { [%eval 0.27] [%clk 0:29:10] } 30. Rh6 { [%eval 0.0] [%clk 0:06:11] } 30... Rd8 { [%eval 0.0] [%clk 0:27:35] } 31. Rch1 { [%eval 0.0] [%clk 0:04:58] } 31... Nb2 { [%eval 0.0] [%clk 0:25:08] } 32. Qg5 { [%eval 0.0] [%clk 0:01:34] } 32... Qxg5 { [%eval 0.0] [%clk 0:03:15] } 33. Nxg5 { [%eval 0.0] [%clk 0:02:01] } 33... Rdd7 { [%eval 0.0] [%clk 0:03:40] } 34. Ne6 { [%eval 0.0] [%clk 0:02:12] } 34... Nxd3?! { [%eval 0.65] } { Inaccuracy. Rc6 was best. } { [%clk 0:03:57] } (34... Rc6 35. Ng5 Rcc7 36. Ne6) 35. Nxc7 { [%eval 0.57] [%clk 0:02:25] } 35... Rxc7 { [%eval 0.45] [%clk 0:04:25] } 36. f3 { [%eval 0.46] [%clk 0:02:00] } 36... c4 { [%eval 0.45] [%clk 0:03:50] } 37. Nf1 { [%eval 0.35] [%clk 0:01:23] } 37... a5? { [%eval 1.7] } { Mistake. Nc5 was best. } { [%clk 0:02:21] } (37... Nc5) 38. Ne3 { [%eval 1.6] [%clk 0:01:12] } 38... b4 { [%eval 1.73] [%clk 0:01:24] } 39. axb4 { [%eval 1.79] [%clk 0:01:08] } 39... axb4 { [%eval 1.92] [%clk 0:01:46] } 40. cxb4 { [%eval 1.86] [%clk 0:01:26] } 40... c3 { [%eval 1.89] [%clk 0:01:48] } 41. Nc2 { [%eval 1.58] [%clk 0:26:16] } 41... Bc6 { [%eval 1.88] [%clk 0:26:22] } 42. Ra1 { [%eval 2.12] [%clk 0:19:28] } 42... Nb2 { [%eval 2.11] [%clk 0:26:04] } 43. Rhh1 { [%eval 2.06] [%clk 0:15:20] } 43... Ba4 { [%eval 1.96] [%clk 0:15:48] } 44. Ne3 { [%eval 1.55] [%clk 0:10:42] } 44... Kg7? { [%eval 3.54] } { Mistake. c2 was best. } { [%clk 0:03:06] } (44... c2 45. Nd5) 45. Nd5 { [%eval 3.49] [%clk 0:09:00] } 45... Rc4 { [%eval 3.41] [%clk 0:01:03] } 46. b5 { [%eval 3.19] [%clk 0:05:33] } 46... c2 { [%eval 3.47] [%clk 0:01:11] } 47. Nb6 { [%eval 3.27] [%clk 0:03:13] } 47... Rd4 { [%eval 4.0] [%clk 0:00:32] } 48. Nxa4 { [%eval 3.51] [%clk 0:02:50] } 48... Nxa4 { [%eval 4.02] [%clk 0:00:58] } 49. Rhc1 { [%eval 4.07] [%clk 0:01:51] } 49... Rd2+ { [%eval 4.75] [%clk 0:01:02] } 50. Kh3 { [%eval 4.68] [%clk 0:01:53] } 50... Nc5 { [%eval 4.99] [%clk 0:00:32] } 51. Ra2 { [%eval 4.89] [%clk 0:01:04] } 51... Ne6 { [%eval 4.89] [%clk 0:00:41] } 52. Raxc2 { [%eval 5.0] [%clk 0:00:41] } 52... Rd3 { [%eval 5.0] [%clk 0:00:41] } 53. Kg2?! { [%eval 3.74] } { Inaccuracy. Rb2 was best. } { [%clk 0:00:45] } (53. Rb2 Rxf3 54. b6 Rf8 55. b7 Rb8 56. Rc8 Rxb7 57. Rxb7+ Kf6 58. Kg2 Kg5 59. Rc2 Kh5) 53... Rb3 { [%eval 3.66] [%clk 0:01:05] } 54. Rc6 { [%eval 3.5] [%clk 0:00:56] } 54... Nd4 { [%eval 3.75] [%clk 0:01:20] } 55. Rc7+ { [%eval 3.67] [%clk 0:00:44] } 55... Kf6 { [%eval 3.85] [%clk 0:01:31] } 56. Rxh7 { [%eval 3.66] [%clk 0:00:44] } 56... Rb2+?! { [%eval 4.62] } { Inaccuracy. Rxb5 was best. } { [%clk 0:01:59] } (56... Rxb5 57. Rf1 Kg5 58. Rf2 Rc5 59. Re7 Kh5 60. Re8 Kg5 61. Rd8 Nc2 62. Kh3) 57. Kh3 { [%eval 4.34] [%clk 0:00:57] } 57... Rxb5 { [%eval 4.9] [%clk 0:01:03] } 58. Kg4 { [%eval 4.94] [%clk 0:00:55] } 58... Rb2 { [%eval 5.0] [%clk 0:00:57] } 59. Rcc7 { [%eval 4.98] [%clk 0:01:05] } 59... Rg2 { [%eval 6.14] [%clk 0:00:36] } 60. Ra7 { [%eval 5.71] [%clk 0:00:44] } 60... Rb2 { [%eval 7.35] [%clk 0:00:32] } 61. Ra6+ { [%eval 6.58] [%clk 0:01:03] } 61... Ne6 { [%eval 6.45] [%clk 0:01:00] } 62. Rd7 { [%eval 11.43] [%clk 0:01:04] } 62... Rb8 { [%eval 11.43] [%clk 0:00:56] } 63. Rdd6 { [%eval 9.24] [%clk 0:01:21] } 63... Re8 { [%eval 8.46] [%clk 0:01:25] } 64. Rxe6+ { [%eval 8.37] [%clk 0:01:22] } 64... Rxe6 { [%eval 10.26] [%clk 0:01:00] } 65. Rxe6+ { [%eval 10.26] [%clk 0:01:46] } (65. Rb6 Rd6 66. Rxd6+ { [%clk 0:01:46] }) 65... Kxe6 { [%eval 10.25] [%clk 0:01:28] } 66. Kg5 { [%eval 10.25] [%clk 0:02:07] } 66... Kf7 { [%eval 9.94] [%clk 0:01:57] } 67. f4 { [%eval 11.29] [%clk 0:02:17] } 67... exf4?? { [%eval #20] } { Checkmate is now unavoidable. Ke7 was best. } { [%clk 0:02:21] } (67... Ke7 68. Kxg6) 68. gxf4 { [%eval #19] [%clk 0:02:42] } 68... Kg7 { [%eval #21] [%clk 0:02:45] } 69. e5 { [%eval 11.64] [%clk 0:02:57] } 1-0

[Event "37th Reykjavik op"]
[Site "Reykjavik ISL"]
[Date "2024.03.16"]
[Round "3.38"]
[White "Karamsetty, Jeevan"]
[Black "Botez, Alexandra"]
[WhiteElo "2187"]
[BlackElo "1986"]
[Result "1-0"]
[EventDate "2024.03.15"]
[PlyCount "69"]

1. e4 { [%eval 0.13] [%clk 1:30:56] } 1... e6 { [%eval 0.0] [%clk 1:30:52] } 2. d3 { [%eval 0.0] [%clk 1:31:18] } 2... d5 { [%eval 0.0] [%clk 1:31:03] } 3. Nd2 { [%eval -0.11] [%clk 1:31:41] } 3... Nf6 { [%eval 0.0] [%clk 1:30:50] } 4. Ngf3 { [%eval -0.07] [%clk 1:31:28] } 4... Be7 { [%eval 0.0] [%clk 1:30:24] } 5. c3 { [%eval 0.0] [%clk 1:30:25] } 5... c5 { [%eval 0.0] [%clk 1:30:35] } 6. g3 { [%eval -0.08] [%clk 1:30:35] } 6... Nc6 { [%eval -0.02] [%clk 1:30:25] } 7. Bg2 { [%eval -0.01] [%clk 1:30:48] } 7... Qc7 { [%eval 0.07] [%clk 1:29:44] } 8. O-O { [%eval -0.03] [%clk 1:31:01] } 8... b5 { [%eval 0.29] [%clk 1:26:50] } 9. Re1 { [%eval 0.16] [%clk 1:28:08] } 9... O-O { [%eval 0.24] [%clk 1:27:00] } 10. exd5 { [%eval 0.25] [%clk 1:27:49] } 10... exd5 { [%eval 0.27] [%clk 1:26:24] } 11. Nf1 { [%eval 0.26] [%clk 1:17:41] } 11... h6 { [%eval 0.22] [%clk 1:21:16] } 12. d4 { [%eval 0.23] [%clk 1:06:44] } 12... Bg4 { [%eval 0.44] [%clk 1:11:07] } 13. Ne3 { [%eval 0.17] [%clk 1:03:03] } 13... Bxf3?? { [%eval 2.65] } { Blunder. Be6 was best. } { [%clk 1:09:27] } (13... Be6) 14. Qxf3 { [%eval 2.63] [%clk 1:00:17] } 14... Rfd8 { [%eval 2.73] [%clk 0:54:15] } 15. Nf5 { [%eval 2.5] [%clk 0:59:40] } 15... cxd4?! { [%eval 3.65] } { Inaccuracy. Bf8 was best. } { [%clk 0:54:06] } (15... Bf8 16. Nxh6+ gxh6 17. Qxf6 cxd4 18. Qh4 Qd6 19. Bf4 Qg6 20. Rad1 Bg7 21. cxd4 Nb4 22. Bf1) 16. Bxh6 { [%eval 3.58] [%clk 0:58:05] } 16... Bf8 { [%eval 3.55] [%clk 0:48:47] } 17. Bg5 { [%eval 3.54] [%clk 0:54:28] } 17... Ne4 { [%eval 3.75] [%clk 0:48:48] } 18. Bxd8 { [%eval 3.9] [%clk 0:48:59] } 18... Rxd8 { [%eval 3.64] [%clk 0:49:09] } 19. Nxd4 { [%eval 3.77] [%clk 0:44:49] } 19... Bc5 { [%eval 4.15] [%clk 0:42:41] } 20. Qd3 { [%eval 3.51] [%clk 0:36:06] } 20... Bxd4 { [%eval 4.22] [%clk 0:37:39] } 21. cxd4 { [%eval 4.21] [%clk 0:35:24] } 21... Nf6 { [%eval 4.5] [%clk 0:36:38] } 22. Rac1 { [%eval 4.53] [%clk 0:33:10] } 22... Qb6 { [%eval 4.57] [%clk 0:36:57] } 23. Rc5 { [%eval 4.8] [%clk 0:32:26] } 23... a6 { [%eval 4.78] [%clk 0:36:56] } 24. Rec1 { [%eval 4.46] [%clk 0:32:26] } 24... Rd6 { [%eval 4.75] [%clk 0:36:17] } 25. a3 { [%eval 4.31] [%clk 0:31:53] } 25... g6 { [%eval 3.82] [%clk 0:35:35] } 26. b4 { [%eval 4.0] [%clk 0:27:29] } 26... Kg7 { [%eval 4.24] [%clk 0:35:58] } 27. h3 { [%eval 3.87] [%clk 0:25:34] } 27... Nd8 { [%eval 4.01] [%clk 0:33:56] } 28. g4 { [%eval 3.89] [%clk 0:23:16] } 28... Ne6 { [%eval 4.39] [%clk 0:33:59] } 29. Qe3 { [%eval 4.32] [%clk 0:23:20] } 29... Qb7 { [%eval 5.33] [%clk 0:32:02] } 30. Qe5 { [%eval 5.24] [%clk 0:21:23] } 30... Nxc5 { [%eval 5.4] [%clk 0:32:03] } 31. Qxd6 { [%eval 5.44] [%clk 0:21:34] } 31... Ne6 { [%eval 5.53] [%clk 0:30:28] } 32. Qe5 { [%eval 5.57] [%clk 0:21:39] } 32... g5 { [%eval 6.5] [%clk 0:30:48] } 33. h4 { [%eval 6.79] [%clk 0:21:38] } 33... Kg6 { [%eval 7.29] [%clk 0:31:07] } 34. Qf5+ { [%eval 6.6] [%clk 0:21:39] } 34... Kg7 { [%eval 6.05] [%clk 0:31:31] } 35. hxg5 { [%clk 0:21:53] } 1-0

[Event "37th Reykjavik op"]
[Site "Reykjavik ISL"]
[Date "2024.03.16"]
[Round "3.39"]
[White "Botez, Andrea"]
[Black "Clare, Philip"]
[WhiteElo "1825"]
[BlackElo "1607"]
[Result "1-0"]
[EventDate "2024.03.15"]
[PlyCount "49"]

1. d4 { [%eval 0.15] [%clk 1:30:58] } 1... Nf6 { [%eval 0.16] [%clk 1:30:47] } 2. Nc3 { [%eval 0.0] [%clk 1:31:05] } 2... g6?! { [%eval 0.65] } { Inaccuracy. d5 was best. } { [%clk 1:31:00] } (2... d5 3. Bf4 e6 4. Nb5 Na6 5. e3 Be7 6. Nf3 O-O 7. Be2) 3. e4 { [%eval 0.77] [%clk 1:31:10] } 3... d6 { [%eval 0.55] [%clk 1:30:46] } 4. Be3 { [%eval 0.49] [%clk 1:30:58] } 4... Bg7 { [%eval 0.5] [%clk 1:30:32] } 5. Qd2 { [%eval 0.68] [%clk 1:29:49] } 5... O-O { [%eval 0.98] [%clk 1:29:28] } 6. O-O-O { [%eval 0.93] [%clk 1:29:25] } 6... Nbd7 { [%eval 0.96] [%clk 1:29:07] } 7. Bh6 { [%eval 1.05] [%clk 1:27:08] } 7... e5 { [%eval 1.08] [%clk 1:25:50] } 8. Bxg7 { [%eval 0.85] [%clk 1:22:29] } 8... Kxg7 { [%eval 0.98] [%clk 1:25:44] } 9. dxe5?! { [%eval 0.18] } { Inaccuracy. Be2 was best. } { [%clk 1:12:54] } (9. Be2 c6 10. dxe5 dxe5 11. g4 Qe7 12. g5 Ne8 13. h4 Nc5 14. h5 Kg8 15. f4 exf4) 9... Nxe5?? { [%eval 1.96] } { Blunder. dxe5 was best. } { [%clk 1:24:07] } (9... dxe5) 10. f4 { [%eval 1.82] [%clk 1:12:38] } 10... Nc6 { [%eval 1.89] [%clk 1:21:41] } 11. Nf3 { [%eval 1.56] [%clk 1:04:06] } 11... Bd7?! { [%eval 2.29] } { Inaccuracy. Re8 was best. } { [%clk 1:12:46] } (11... Re8 12. Bd3 Bg4 13. Kb1 a6 14. h3 Bxf3 15. gxf3 Nd4 16. Qe3 c5 17. h4 Nh5 18. Nd5) 12. e5 { [%eval 1.88] [%clk 0:59:15] } 12... Ne8 { [%eval 2.46] [%clk 1:06:58] } 13. exd6?! { [%eval 1.25] } { Inaccuracy. h3 was best. } { [%clk 0:52:10] } (13. h3 Kh8 14. Bb5 a6 15. Bc4 Be6 16. Bd5 Ng7 17. g4 dxe5 18. fxe5 Bxd5 19. Nxd5 Ne7) 13... Nxd6 { [%eval 1.27] [%clk 1:03:19] } 14. h3 { [%eval 1.28] [%clk 0:31:27] } 14... a5 { [%eval 1.65] [%clk 0:47:46] } 15. g4 { [%eval 1.74] [%clk 0:25:56] } 15... f5?! { [%eval 2.67] } { Inaccuracy. Be6 was best. } { [%clk 0:43:40] } (15... Be6) 16. Nb5?! { [%eval 1.98] } { Inaccuracy. Nd5 was best. } { [%clk 0:16:21] } (16. Nd5 Kg8 17. Nxc7 Qxc7 18. Qxd6 Qxd6 19. Rxd6 Be8 20. Ng5 a4 21. Bc4+ Kh8 22. c3 a3) 16... Rf6?? { [%eval 4.54] } { Blunder. fxg4 was best. } { [%clk 0:36:59] } (16... fxg4 17. Ng5 h5 18. Nxd6 cxd6 19. Qc3+ Kh6 20. Rxd6 Rxf4 21. Ne6 Bxe6 22. Rxd8 Rxd8 23. Qe3) 17. g5 { [%eval 4.52] [%clk 0:11:16] } 17... Re6 { [%eval 4.58] [%clk 0:35:46] } 18. Qc3+ { [%eval 4.47] [%clk 0:11:28] } 18... Kg8 { [%eval 4.43] [%clk 0:34:32] } 19. Nxd6 { [%eval 4.47] [%clk 0:11:19] } 19... cxd6 { [%eval 4.46] [%clk 0:26:24] } 20. Bc4 { [%eval 4.41] [%clk 0:10:58] } 20... Nb4?! { [%eval 6.32] } { Inaccuracy. Qe7 was best. } { [%clk 0:26:23] } (20... Qe7 21. a3 Rc8 22. Rhe1 Nd8 23. Nd4 d5 24. Nxe6 Rxc4 25. Nxd8 Qxd8 26. Qd3 Bb5 27. Qxd5+) 21. Rxd6 { [%eval 6.27] [%clk 0:10:12] } 21... Qe7 { [%eval 6.29] [%clk 0:25:15] } 22. Rhd1 { [%eval 6.04] [%clk 0:10:29] } 22... Bb5?? { [%eval #10] } { Checkmate is now unavoidable. b5 was best. } { [%clk 0:23:01] } (22... b5 23. Rxd7 bxc4 24. Qxc4 Kh8 25. Kb1 Re8 26. Qc3+ Kg8 27. Rxe7 R8xe7 28. Ne5 h6 29. a3) 23. Rxe6 { [%eval #9] [%clk 0:08:32] } 23... Bxc4 { [%eval #9] [%clk 0:20:06] } 24. Qxc4 { [%eval #8] [%clk 0:08:56] } 24... b5 { [%eval #3] [%clk 0:19:13] } 25. Rxg6+ { [%eval #2] [%clk 0:08:17] } 1-0

[Event "37th Reykjavik op"]
[Site "Reykjavik ISL"]
[Date "2024.03.16"]
[Round "3.40"]
[White "Saine, Zachary"]
[Black "Briem, Gudrun Fanney"]
[WhiteElo "2010"]
[BlackElo "1806"]
[Result "1-0"]
[EventDate "2024.03.15"]
[PlyCount "123"]

1. e4 { [%eval 0.13] [%clk 1:30:46] } 1... c6 { [%eval 0.24] [%clk 1:30:52] } 2. d4 { [%eval 0.28] [%clk 1:30:48] } 2... d5 { [%eval 0.31] [%clk 1:31:09] } 3. e5 { [%eval 0.19] [%clk 1:31:09] } 3... Bf5 { [%eval 0.38] [%clk 1:31:16] } 4. Ne2 { [%eval 0.0] [%clk 1:31:18] } 4... e6 { [%eval 0.0] [%clk 1:29:46] } 5. Ng3 { [%eval -0.18] [%clk 1:31:41] } 5... Bg6 { [%eval 0.0] [%clk 1:29:52] } 6. h4 { [%eval -0.26] [%clk 1:32:04] } 6... h5 { [%eval -0.29] [%clk 1:30:04] } 7. Bd3 { [%eval -0.38] [%clk 1:31:04] } 7... Bxd3 { [%eval -0.34] [%clk 1:25:07] } 8. cxd3 { [%eval -0.22] [%clk 1:31:09] } 8... g6 { [%eval 0.31] [%clk 1:22:29] } 9. Nd2 { [%eval 0.39] [%clk 1:30:18] } 9... Qb6 { [%eval 0.35] [%clk 1:04:16] } 10. Nf3 { [%eval 0.3] [%clk 1:21:28] } 10... Bh6 { [%eval 0.33] [%clk 0:59:43] } 11. O-O { [%eval 0.43] [%clk 1:19:32] } 11... Nd7 { [%eval 0.56] [%clk 0:56:19] } 12. Be3 { [%eval 0.67] [%clk 1:03:42] } 12... Kf8 { [%eval 0.67] [%clk 0:48:37] } 13. Qa4 { [%eval 0.47] [%clk 0:57:51] } 13... Kg7 { [%eval 0.5] [%clk 0:41:58] } 14. Qa3 { [%eval 0.15] [%clk 0:57:43] } 14... Re8 { [%eval 0.56] [%clk 0:22:52] } 15. Qd6 { [%eval 0.48] [%clk 0:51:43] } 15... Nb8 { [%eval 0.81] [%clk 0:16:11] } 16. a4?! { [%eval 0.09] } { Inaccuracy. Rac1 was best. } { [%clk 0:49:55] } (16. Rac1 a5) 16... Na6 { [%eval 0.37] [%clk 0:08:19] } 17. b4 { [%eval -0.06] [%clk 0:37:34] } 17... Rd8 { [%eval -0.05] [%clk 0:03:18] } 18. a5 { [%eval 0.0] [%clk 0:36:58] } 18... Qc7 { [%eval 0.0] [%clk 0:03:41] } 19. Qxc7 { [%eval -0.03] [%clk 0:36:26] } 19... Nxc7 { [%eval -0.03] [%clk 0:04:07] } 20. Nd2 { [%eval 0.03] [%clk 0:33:18] } 20... Ne7 { [%eval 0.0] [%clk 0:02:46] } 21. Nb3 { [%eval 0.05] [%clk 0:27:53] } 21... a6 { [%eval 0.04] [%clk 0:01:24] } 22. Nc5 { [%eval 0.06] [%clk 0:23:46] } 22... Rb8 { [%eval 0.0] [%clk 0:01:30] } 23. Kh2 { [%eval 0.03] [%clk 0:22:22] } 23... Rhd8 { [%eval 0.01] [%clk 0:01:22] } 24. Rfc1 { [%eval 0.0] [%clk 0:15:18] } 24... Nf5 { [%eval 0.0] [%clk 0:01:00] } 25. Nxf5+ { [%eval 0.0] [%clk 0:14:05] } 25... exf5 { [%eval 0.08] [%clk 0:01:14] } 26. Bg5 { [%eval -0.03] [%clk 0:02:45] } 26... Bxg5 { [%eval 0.0] [%clk 0:01:29] } 27. hxg5 { [%eval 0.0] [%clk 0:03:11] } 27... Ne6 { [%eval 0.15] [%clk 0:01:04] } 28. Nxe6+ { [%eval 0.05] [%clk 0:01:54] } 28... fxe6 { [%eval 0.0] [%clk 0:01:29] } 29. Kg3 { [%eval 0.03] [%clk 0:01:11] } 29... Ra8 { [%eval 0.0] [%clk 0:01:27] } 30. Kf4 { [%eval 0.03] [%clk 0:01:22] } 30... Rf8 { [%eval -0.03] [%clk 0:01:15] } 31. f3 { [%eval 0.0] [%clk 0:01:01] } 31... Rf7 { [%eval 0.0] [%clk 0:01:25] } 32. g3 { [%eval 0.15] [%clk 0:00:35] } 32... Rff8 { [%eval 0.0] [%clk 0:01:18] } 33. Ke3 { [%eval 0.0] [%clk 0:00:54] } 33... Rh8 { [%eval 0.0] [%clk 0:01:02] } 34. b5 { [%eval 0.0] [%clk 0:00:38] } 34... axb5 { [%eval 0.0] [%clk 0:01:18] } 35. a6 { [%eval 0.0] [%clk 0:01:03] } 35... Rxa6 { [%eval 0.0] [%clk 0:00:59] } 36. Rxa6 { [%eval 0.0] [%clk 0:01:27] } 36... bxa6 { [%eval 0.0] [%clk 0:01:27] } 37. Rxc6 { [%eval 0.0] [%clk 0:01:52] } 37... Ra8 { [%eval 0.0] [%clk 0:01:25] } 38. Rxe6 { [%eval 0.0] [%clk 0:01:52] } 38... b4 { [%eval 0.0] [%clk 0:01:21] } 39. Rb6 { [%eval 0.0] [%clk 0:02:17] } 39... a5 { [%eval 0.0] [%clk 0:01:37] } 40. Rb7+ { [%eval 0.0] [%clk 0:02:18] } 40... Kf8 { [%eval 0.0] [%clk 0:01:52] } 41. Kd2 { [%eval -0.03] [%clk 0:02:41] } 41... a4 { [%eval -0.02] [%clk 0:01:31] } 42. Rxb4 { [%eval -0.03] [%clk 0:02:58] } 42... a3 { [%eval -0.02] [%clk 0:01:56] } 43. Rb1 { [%eval -0.07] [%clk 0:03:25] } 43... a2 { [%eval 0.0] [%clk 0:02:01] } 44. Ra1 { [%eval -0.1] [%clk 0:03:52] } 44... Ke7 { [%eval 0.0] [%clk 0:02:10] } 45. f4 { [%eval 0.0] [%clk 0:04:13] } 45... Ra3 { [%eval 0.0] [%clk 0:01:31] } 46. Kc2 { [%eval 0.0] [%clk 0:04:27] } 46... Ra4? { [%eval 1.38] } { Mistake. Kf7 was best. } { [%clk 0:01:49] } (46... Kf7 47. Kc1 Kf8 48. Kd2 Ke8 49. Kc2) 47. Kb3 { [%eval 1.17] [%clk 0:20:29] } 47... Rxd4 { [%eval 0.9] [%clk 0:30:52] } 48. Rxa2 { [%eval 1.44] [%clk 0:20:54] } 48... Rxd3+ { [%eval 0.91] [%clk 0:31:06] } 49. Kb4 { [%eval 1.06] [%clk 0:21:20] } 49... Rxg3 { [%eval 0.88] [%clk 0:29:33] } 50. Ra7+ { [%eval 1.02] [%clk 0:21:31] } 50... Ke6 { [%eval 1.37] [%clk 0:02:47] } 51. Ra6+ { [%eval 0.92] [%clk 0:21:57] } 51... Kf7 { [%eval 0.67] [%clk 0:02:39] } 52. Kc5 { [%eval 1.07] [%clk 0:18:40] } 52... h4?? { [%eval 5.89] } { Blunder. Ke7 was best. } { [%clk 0:01:14] } (52... Ke7 53. Rxg6 h4 54. Rh6 h3 55. g6 Rc3+ 56. Kd4 Rf3 57. Kxd5 Rd3+ 58. Kc6 Rc3+ 59. Kb5) 53. Kd6 { [%eval 5.73] [%clk 0:19:05] } 53... Re3 { [%eval 5.56] [%clk 0:00:40] } 54. Ra7+ { [%eval 5.92] [%clk 0:14:25] } 54... Kf8 { [%eval 6.23] [%clk 0:00:38] } 55. Ke6 { [%eval 6.13] [%clk 0:11:52] } 55... h3 { [%eval 8.25] [%clk 0:00:36] } 56. Kf6 { [%eval 7.42] [%clk 0:12:18] } 56... Kg8?! { [%eval 42.62] } { Inaccuracy. Ke8 was best. } { [%clk 0:00:36] } (56... Ke8 57. e6 Kd8 58. e7+ Ke8 59. Ra8+ Kd7 60. Rd8+ Kc6 61. e8=Q+ Rxe8 62. Rxe8 Kc5 63. Kxg6) 57. Kxg6 { [%eval 35.1] [%clk 0:12:43] } 57... Kf8 { [%eval #9] [%clk 0:01:01] } 58. Kf6 { [%eval 36.75] [%clk 0:13:05] } 58... Ke8 { [%eval 33.66] [%clk 0:01:04] } 59. e6 { [%eval 39.12] [%clk 0:13:17] } 59... Kd8 { [%eval 42.71] [%clk 0:01:09] } 60. e7+ { [%eval 61.55] [%clk 0:13:25] } 60... Ke8 { [%eval 43.16] [%clk 0:01:03] } 61. Ra8+ { [%eval #30] [%clk 0:13:47] } 61... Kd7 { [%eval 42.61] [%clk 0:01:21] } 62. Rd8+ { [%eval #23] [%clk 0:14:14] } 1-0